00965nam a2200217 a 450000500170000000800410001704000350005804100130009304300070010608200180011324501630013125000290029426000950032330000520041854600440047065000570051465000380057165000350060970000290064474000740067320171127090220.0150316s2014 ck o gr 000 0 spa d aCO-BoBLA cCO-BoBLAdCO-BoIAVH0 aspaheng ack04a633.85 bH12 00aHacia una cadena sostenible de aceite de palma en Colombia : de la parcela a la mesa = bTowards a sustainable palm oil chain in Colombia : from farm to folk. aJoel Brounen.bEdición aBogotá : bFEDEPALMA : Federación Nacional de Cultivadores de Palma de Aceite, c2014. a53 páginas : bfotografías a color c31 cm. aTexto bilingüe en español e ingles. 4aPalma africanax Cultivoz Colombiav Fotografías. 4aTrabajadores de la palma africana 4aCultivadores de palma africana1 aBrounen, Joel, eeditor.0 aTowards a sustainable palm oil chain in Colombia : from farm to folk.